LEADER 01293nam--2200421---450- 001 990003358740203316 005 20091216094940.0 010 $a978-88-568-1278-7 035 $a000335874 035 $aUSA01000335874 035 $a(ALEPH)000335874USA01 035 $a000335874 100 $a20091216d2009----km-y0itay50------ba 101 $aita 102 $aIT 105 $a||||||||001yy 200 1 $aComunicazione e branding delle destinazioni turistiche$euna prospettiva manageriale$fa cura di Tonino Pencarelli, Gian Luca Gregori 210 $aMilano$cF. Angeli$dcopyr. 2009 215 $a331 p.$cill.$d23 cm 225 2 $aEconomia. Ricerche$v715 300 $aInclude bibl. alla fine di ogni capitolo 410 0$12001$aEconomia. Ricerche 454 1$12001 461 1$1001-------$12001 606 0 $aTurismo$xSviluppo$yItalia 606 0 $aTurismo$xMarketing 676 $a338.479145 676 $a338.47910688 702 1$aPENCARELLI,$bTonino 702 1$aGREGORI,$bGian Luca$f<1961-> 801 0$aIT$bsalbc$gISBD 912 $a990003358740203316 951 $aP08 2392$bDISTRA 959 $aBK 969 $aDISTRA 979 $aDISTRA2$b90$c20091216$lUSA01$h0949 996 $aComunicazione e branding delle destinazioni turistiche$969902 997 $aUNISA